000 00660nam a2200229 a 4500
001 52134
003 BD-RjUL
005 20211209075746.0
008 1609 r19831972r 001 0 eng
035 _a(BD-RjUL)52254
040 _aDLC
_cDLC
_dDLC
_dBD-RjUL
_beng
041 _aeng
082 0 0 _223
_a335.82
_bLEA 1983
100 1 _aLenin, Marx Engels
_d1873-1958.
_9155932
245 1 0 _aAnarchism and anarcho-syndicalism /
_cMarx Engels Lenin
260 _aMoscow :
_bProsee publication,
_c1983 [printing1972]
300 _a413 p. ;
_c20 cm.
500 _aincludes index
650 0 _aAnarchism.
_9155933
650 0 _aSyndicalism.
_9133907
942 _2ddc
_cBK
999 _c52134
_d52134